00551cam a22001337a 4500008004000000082002200040245014500062260004600207300001000253650003700263650003700300650003800337700004200375180718b1995 xxu||||| |||| 00| 0 eng d aR6:B142x5413 In2h aReport on socio-economic conditions of women workers in selected handloom and khadi units in Bihar (1993)cby Shram Bureau, Shram Mantralaya aChandigarhbDirector, Labour Bureauc1995 a72+p. aWork environment - India - Bihar aWomen employment - India - Bihar aHandloom industry - India - Bihar aIndia. Shram Mantralaya. Shram Bureau